Archív malých sakrálnych pamiatok "Na slávu Božiu-"
| Main Author: | |
|---|---|
| Other Authors: | |
| Format: | Article |
| Language: | Slovak |
| Subjects: | |
| Source: |
1. Enviromagazín 1. 1335-1877 1. Roč. 12, č. 1 (2007), s. 18-19,21 |
| LEADER | 00744nab#a2200289#ar4500 | ||
|---|---|---|---|
| 001 | 000085113 | ||
| 003 | SVKKK | ||
| 005 | 20070801144940.0 | ||
| 008 | 070801c2007 xo e slo | ||
| FMT | |||
| 038 | |a SVKKK | ||
| 040 | |a SVKKK |b slo |e AACR2 | ||
| 041 | 0 | |a slo | |
| 044 | |a xo |c SK | ||
| 080 | |a 726(437.6) |2 1997 | ||
| 100 | 1 | |a Liszka, Jószef |4 aut | |
| 245 | 1 | 0 | |a Archív malých sakrálnych pamiatok "Na slávu Božiu-" |c József Liszka ; J. Liszka |
| 300 | |b Obr. | ||
| 650 | 0 | 4 | |a sakrálne pamiatky |x výskyt |z Slovensko |x dejiny |
| 700 | 1 | |a Liszka, J. |4 pht | |
| 773 | 0 | |t Enviromagazín |x 1335-1877 |g Roč. 12, č. 1 (2007), s. 18-19,21 | |
| 974 | |a MI | ||
| 992 | |a RBX | ||
| BAS | |||
| 852 | |a SVKKK |b BIB | ||
| EXP | |||
| 998 | |a SLO | ||